000 00590nam a2200193 i 4500
001 78375
003 ES-MaACL
005 20230906173658.0
007 t|
008 041014s1905 fr ||||1| fre d
100 1 _aHaton de la Goupilliere.
_962072
245 1 0 _aCours d'exploitation des mines /
_cpar Haton de la Goupilliere.
250 _a3ème ed., rev. et augm.
_bJean Bes de Bere.
260 _a[S.l :
_bs.n.,
_c1905] (
_eTours :
_fDeslis Frères)
300 _a3 v. ;
_c25 cm.
650 0 4 _aMinería.
_915054
700 1 _aBes de Bere, Jean.
_928560
852 _aES-MaACL
_jF-6200-2
999 _c78375
_d78375